00325 a2200145 4500003000500000005001700005040000900022082001200031100001700043245003700060260002700097300000800124538003300132650001400165Nust20170207153534.0 cNust a891.439 aIbn-e-Insha, aAwra Gardi ke DiarycIbn-e-Insha aLahorebLahore Academy a319 aAlmirah No.61 and Shelf No.1 aSafarnama